Fiscalización laboral y reclamo de multas administrativas.
Spremljeno u:
| Glavni autor: | |
|---|---|
| Daljnji autori: | |
| Format: | Nepoznato |
| Izdano: |
Santiago, Chile:
Thomson Reuters,
2022.
|
| Izdanje: | 3ª edición. |
| Serija: | Monografías
|
| Teme: | |
| Oznake: |
Dodaj oznaku
Bez oznaka, Budi prvi tko označuje ovaj zapis!
|
MARC
| LEADER | 00000 a2200000 4500 | ||
|---|---|---|---|
| 003 | CL-VaPUC | ||
| 005 | 20230529170921.0 | ||
| 008 | 220923t2022 ||||| |||| 00| 0 eng d | ||
| 999 | |c 438935 |d 438933 | ||
| 020 | |a 978-956-400-290-3 | ||
| 040 | |c Pontificia Universidad Católica de Valparaíso | ||
| 082 | 7 | |a 344.8301 AGU 2022 |2 22 | |
| 100 | |a Aguayo Mohr, Cristián Andrés |9 555753 |e autor | ||
| 245 | |a Fiscalización laboral y reclamo de multas administrativas. | ||
| 250 | |a 3ª edición. | ||
| 260 | |a Santiago, Chile: |b Thomson Reuters, |c 2022. | ||
| 300 | |a 312 páginas. | ||
| 490 | |a Monografías | ||
| 583 | |k Catalogador Asistente |c 20220923 | ||
| 610 | |a Dirección del trabajo |z Chile |x Fiscalización |9 877544 | ||
| 650 | 0 | |a Chile |z Chile |9 390114 | |
| 650 | 0 | |a Chile |z Chile |9 390114 | |
| 700 | |a Skoknic Larrazábal, Ivo |9 556596 |e autor | ||
| 942 | |2 ddc |c BK | ||
| 952 | |0 0 |1 0 |2 ddc |4 0 |6 344_830100000000000_AGU_2022 |7 0 |8 A |9 586830 |a BIBDER |b BIBDER |c GEN |d 2022-09-23 |e 31 |g 0.00 |i 5654799 |o 344.8301 AGU 2022 |p 5654799 |r 2023-01-25 |t 1 |v 0.00 |w 2022-09-23 |y BK |k DER | ||